000 00363nam a2200157Ia 4500
003 OSt
005 20231108061133.0
008 170524s9999 xx 000 0 und d
020 _a9788126515837
040 _cIIMT UNIVERSITY
100 _aFox Robert W
245 0 _aIntroduction to fluid mechanics
260 _bWiley India
260 _c2009
942 _2ddc
_c02
999 _c5530
_d5530